000 01089njm a22002657a 4500
005 20100901115333.0
006 a|||||r|||||00| 0
007 sd ammalaaahaa
008 100901t xxu||||| |||| 00| 0 eng d
028 _aN 54932
_bHis Master's Voice
035 _aGR-01486
040 _aSED
_cSED
100 _aMohd Rafi
_917891
245 _aBheegee Raat /
_cby Mohd Rafi ; music by Roshan ; lyrices by Majrooh
_h[Sound recording]
246 _aभीगी रात / मोहद रफ़ी
260 _aDUM DUM, India
_bHis Master's Voice
_c1965
300 _a1 Sound disc [Gramophone Recording] :
_banalog, 33 1/3 rpm
_c9.5 in. (MP)
_fGramophone Record
500 _aBrief record
505 _aSide-1 जाने वह कौन थी (Jane vh kaun thi) --Side-2 ऐसे तो न देखो (aese to na dekho) (Mohd Rafi & Suman Kalyanpur)
650 _aClassical music
_xExcerpts
_zIndia
_917892
700 _918859
_aRoshan
700 _aMajriih
_918963
942 _2ddc
_cGR
999 _c44626
_d44626